| 000 | 00681nam a22002537a 4500 | ||
|---|---|---|---|
| 003 | BUBTL | ||
| 008 | 131028b xxu||||| |||| 00| 0 eng d | ||
| 024 | _cAvailalbe | ||
| 037 | _cAvailable | ||
| 040 |
_aMBSTU LIBRARY _dMBSTU LIBRARY |
||
| 082 |
_222 _a530 AHP |
||
| 100 | _aAhmed, Giasuddin. | ||
| 245 | _aPractical physics | ||
| 250 | _a4th ed. | ||
| 260 |
_aDhaka : _bHafiz Book Center, _cc2011. |
||
| 300 |
_a544 p. : _g18 cm. |
||
| 600 | _2Physics. | ||
| 650 | _2Physics. | ||
| 856 |
_k0 _l0 _yDownload |
||
| 270 |
_aDhaka _bDhaka _dBangladesh. |
||
| 365 |
_b240.00 _d240.00 |
||
| 942 |
_2ddc _cBK |
||
| 999 |
_c755 _d755 |
||